| 000 | 00000nam##2200000za#4500 |
| 001 | 9.646994 |
| 003 | CaOODSP |
| 005 | 20200330140613 |
| 007 | ta |
| 008 | 150407|1998||||xxc||||| f|0| 0 eng|d |
| 020 | |a0-660-17526-6 |
| 040 | |aCaOODSP|beng |
| 043 | |an-cn--- |
| 086 | 1 |aF2-125/1998E |
| 110 | 1 |aCanada.|bDepartment of Finance.|bMinister of Finance. |
| 245 | 10|aDraft amendments to the Income Tax regulations relating to retirement savings : |bproposed regulations and explanatory notes / |cIssued by the Minister of Finance. |
| 260 | |aOttawa - Ontario : |bFinance Canada. |c1998. |
| 300 | |a171p. ; |c23 cm. |
| 563 | |aSoftcover |
| 590 | |a99-25|b1999-06-25 |
| 690 | 07|aIncome tax|2gcpds |
| 690 | 07|aAmendments|2gcpds |
| 690 | 07|aRetirement|2gcpds |
| 775 | 08|tAvant-projet de modification du Règlement de l'impôt sur le revenu concernant l'épargne-retraite : |w(CaOODSP)9.680478 |
| 776 | 0#|tDraft amendments to the Income Tax regulations relating to retirement savings : |w(CaOODSP)9.698471 |